00511nam a2200181 a 450000100060000000300090000600800410001502000150005604000280007108200160009910000200011524500560013526000380019130000110022949000470024065000190028765000230030623235CO-ViMGA141112s2004 ck r 000 u spa d a8467015004 aCO-ViMGAbspacCO-ViMGA04a861.6 A513m1 aAlberti, Rafael10aMarinero en tierra, la amante, el alba del Alhelí aColombia : bEspasa Calpe, c2006 a167 p. aBiblioteca hispanoAméricana del siglo XX14aPoesia amorosa14aPoesia española